000 00660nam a22002177a 4500
999 _c22457
_d22457
003 AR-CdUCM
008 190409b ||||| |||| 00| 0 spa d
020 _a9786123156527
040 _aMUNICIPALIDAD PROVINCIAL DEL CUSCO
_cBIBLIOTECA MUNICIPAL DEL CUSCO
082 _a370.9/D54
_bD54
100 _aDelgado Santa Gadea, Kenneth
_948238
245 _aHistoria de la educación /
_cKenneth Delgado
260 _aLima :
_bEdit. San Marcos,
_c2019.
300 _a207 páginas ;
_c24 cm.
500 _zBibliografía: p. [199]-207.
650 _aEducación
_9460
650 _aHistoria
_948241
650 _aPerú
_948242
942 _2ddc
_cLIBROS
945 _arac